Hinduism-Deities - Statistics

General Stats
  • This quiz has been taken 498 times
  • The average score is 10 of 15
Answer Stats
Hint Answer % Correct
Preserver Vishnu
98%
Destroyer Shiva
97%
Creator Brahma
95%
Goddess of Wealth Lakshmi
82%
Goddess of Knowledge and wisdom Saraswati
76%
God of Fire Agni
75%
God of weather Indra
71%
Goddess of time and revenge Kali
71%
God of the Sun Surya
71%
God of Death Yama
64%
God of wisdom and knowledge Ganesha
57%
God of wind Vayu
51%
God of strength Hanuman
45%
God of water and oceans Varuna
29%
God of war Karthikeya
10%
No matching quizzes found
Score Distribution
Percent of People with Each Score
Percentile by Number Answered
Your Score History
You have not taken this quiz